Étude Aire Moyen-Orientale - Statistics

General Stats
  • This quiz has been taken 64 times
    30 since last reset
  • The average score is 41 of 77
Answer Stats
Indices Réponses % Correct
Capitale de l'Algérie Alger
93%
Désert s'étendant sur l'Afrique du Nord Sahara
93%
Capitale d'Israël Jérusalem
73%
Détroit entre le golfe d'Oman et le golfe arabo-persique Ormuz
73%
Canal important en Égypte Canal de Suez
67%
Religion principale du Bahrein Chiite
67%
Religion principale de l'Irak Chiite
67%
Capitale du Koweit Koweit
67%
Capitale du Maroc Rabat
67%
Capitale de l'Arabie Saoudite Riyad
67%
Religion principale de la Jordanie Sunnite
67%
Religion principale en Syrie Sunnite
67%
Religion principale de l'Oman Sunnite
67%
Religion principale de l'Algérie Sunnite
67%
Religion principale de l'Égypte Sunnite
67%
Religion principale du Maroc Sunnite
67%
Religion principale de l'Arabie Saoudite Sunnite
67%
Religion principale de la Libye Sunnite
67%
Religion principale de la Tunisie Sunnite
67%
Capitale de la Tunisie Tunis
67%
Capitale des Émirats Arabes Unis Abu Dhabi
60%
Capitale de la Jordanie Amman
60%
Chaine de montagnes au Maroc, en Algérie et en Tunisie Atlas
60%
Capitale de la Syrie Damas
60%
Capitale du Qatar Doha
60%
Ville importante aux Émirats arabes unis Dubaï
60%
Capitale de l'Égypte Le Caire
60%
Capitale de l'Oman Mascate
60%
Fleuve en Égypte Nil
60%
Religion principale des Émirats Arabes Unis Sunnite
60%
Religion principale du Koweit Sunnite
60%
Religion principale du Qatar Sunnite
60%
Religion principale en Mauritanie Sunnite
60%
Religion principale du Yemen Sunnite
60%
Capitale de la Libye Tripoli
60%
Capitale de l'Irak Bagdad
53%
Religion principale de l'Iran Chiite
53%
Fleuve en Turquie, plus à l'ouest Euphrate
53%
Religion principale d'Israël Judaïsme
53%
Capitale du Bahrein Manama
53%
Mer entre Israël et la Jordanie Mer Morte
53%
Capitale de la Palestine Ramallah
53%
Ville importante en Israël Tel Aviv
53%
Fleuve en Turquie, plus à l'est Tigre
53%
Chaine de montagnes à l'est du Liban Anti-Liban
47%
Capitale du Liban Beyrouth
47%
Segment du Nil se rendant au Lac Victoria Blanc
47%
Segment du Nil se rendant en Éthiopie Bleu
47%
Chaine de montagnes en Iran du nord Elbourz
47%
Golfe entre l'Oman et l'Iran Golfe d'Oman
47%
Plateau en Iran, en Irak et au Pakistan Irannien
47%
Fleuve en Jordanie Jourdain
47%
Pays pluriconfessionnel Liban
47%
Ville importante au Maroc Marrakech
47%
Mer en Israël Mer de Galilée
47%
Lac en Égypte Nasser
47%
Fleuve au Maroc Oued Drâa
47%
Capitale du Yemen Sanaa
47%
Religion principale en Palestine Sunnite
47%
Capitale de l'Iran Téhéran
47%
Plateau en Turquie Anatholien
40%
Plateau à l'est de l'Arabie Saoudite Arabique
40%
Ville importante en Arabie Saoudite Djeddah
40%
Golfe entre le Yemen et la Somalie Golfe Aden
40%
Golfe près de l'Égypte, menant à un canal important Golfe du Suez
40%
Plateau au sud de l'Algérie Hoggar
40%
Mer au sud de la péninsule arabique Mer d'Arabie
40%
Plaines en Syrie et en Irak Mésopotamienne
40%
Climat du Liban Montagneux
40%
Désert en Arabie Saoudite Rub al-Khali
40%
Chaine de montagne à l'ouest de l'Arabie Saoudite Sarawat
40%
Chaine de montagnes en Iran de l'ouest Zagros
40%
Sommet le plus élevé des Monts Atlas Djebel Toubkal
33%
Golfe entre l'Iran et l'Arabie Saoudite Golfe arabo-persique
33%
Désigne le territoire géographique à l'ouest du Nil Maghreb
33%
Désigne le territoire géographique à l'est du Nil Machreq
27%
Capitale de la Mauritanie Nouakchott
13%
No matching quizzes found
Score Distribution
Percent of People with Each Score
Percentile by Number Answered
Your Score History
You have not taken this quiz since the last reset